Представление документа в формате RUSMARC

ПолеНазваниеЗначение
  Тип записи a
  Библиографический уровень a
001 Контрольный номер RU/CBS_UL/BASE/565028661
005 Дата корректировки 20240209175218.8
100 Данные общей обработки __
a Данные общей обработки 20171126d2017 ||| 0rusy0189 ca
101 Язык документа 0_
a Язык текста rus
102 Страна публикации __
a Страна публикации RU
105 Кодированные данные (монография) __
a Кодированные данные (монография) y###||||000|y
200 Заглавие и сведения об ответственности 1_
a Заглавие Пять любимых пород собак
b Общее обозначение материала Текст
e Сведения, относящиеся к заглавию [о золотистом ретривере,таксе, бернском зенненхунде, вест-хайленде, немецкой овчарке]
300 Общие примечания __
a Общие примечания Ограничения по возрасту - 0+
461 Уровень набора _0
1 2000
a Тошка и компания
463 Уровень физической единицы _0
1 001RU/CBS_Ul/BASE/507664147
1 2000
a № 10
v С. 4-6
1 210
d 2017
606 Тематические рубрики 0_
a Основная рубрика Собаки - Породы
610 Ключевые слова 0_
a Ключевые слова породы собак
a Ключевые слова собаководство
a Ключевые слова ретривер золотистый
a Ключевые слова овчарки
a Ключевые слова овчарка немецкая
a Ключевые слова бренский зененхунд
a Ключевые слова таксы
a Ключевые слова терьеры
686 Индексы других классификаций __
a Классификационный индекс 46.73
2 Код системы ББК
801 Источник записи _0
a Страна RU
b Организация МБУК ЦБС г. Ульяновска
c Дата составления 20171126
g Правила каталогизации RCR
801 Источник записи _1
a Страна RU
b Организация МБУК ЦБС г. Ульяновска
c Дата составления 20171126
g Правила каталогизации RCR
901 Тип документа __
t Тип документа b
w Контрольный № источника RU/CBS_Ul/BASE/507664147
910 Корректоры записи __
a Корректор записи admin2
938 Служебная информация __
a Имя БД period